Normal view
MARC view
- Horne, James C. Van
Entry Personal Name
001 - CONTROL NUMBER
- control field: 112272
003 - CONTROL NUMBER IDENTIFIER
- control field: NUST
005 - DATE AND TIME OF LATEST TRANSACTION
- control field: 20230515091356.0
008 - FIXED-LENGTH DATA ELEMENTS
- fixed length control field: 230515|| aca||aabn | a|a d
040 ## - CATALOGING SOURCE
- Original cataloging agency: NUST
- Transcribing agency: NUST
100 ## - HEADING--PERSONAL NAME
- Personal name: Horne, James C. Van
670 ## - SOURCE DATA FOUND
- Source citation: Work cat.: (NUST): Horne, James C. Van , Fundamentals of Financial Management, 2009.
